Bilecik Bilecik Bilecik Bilecik Bilecik

Avrupa Birliği ve Türkiye ile ilişkileri: ilişkilerin siyasi, askeri, ekonomik ve kültürel çerçevesi/ (Record no. 64397)

MARC details
000 -BAŞLIK
Sabit Uzunluktaki Kontrol Alanı 01203nam a22003497a 4500
001 - KONTROL NUMARASI
Control Dosyası 0064603
003 - KONTROL NUMARASI KİMLİĞİ
Kontrol Alanı KOHA_MİRAKIL
005 - EN SON İŞLEM TARİHİ ve ZAMANI
Kontrol Alanı 20260207004501.0
007 - FİZİKSEL TANIM SABİT ALAN - GENEL BİLGİ
Sabit uzunluklu kontrol alanı ta
008 - SABİT UZUNLUKTAKİ VERİ ÖGELERİ - GENEL BİLGİ
Sabit Alan 190313b2016 tu |||gr||||#||||0|tur |
020 ## - ISBN - ULUSLARARASI STANDART KİTAP NUMARASI
Isbn 9786051334158
040 ## - KATALOGLAMA KAYNAĞI
Özgün Kataloglama Kurumu TR-BiSEU
Kataloglama Dili tur
Çeviri Kurumu TR-BiSEU
Açıklama Kuralları rda
041 0# - DİL KODU
Metin ya da ses kaydının dil kodu tur
044 ## - YAYINLAYAN/ÜRETEN KURULUŞUN ÜLKE KODU
ISO country code tu
050 ## - SINIFLAMA ve YER NUMARASI
Sınıflama Numarası HC241.25
Yer Numarası .A93 2016
100 1# - KİŞİ ADI
Yazar Adı (Kişi adı) Ayata, Ali.
245 1# - ESER ADI BİLDİRİMİ
Başlık Avrupa Birliği ve Türkiye ile ilişkileri: ilişkilerin siyasi, askeri, ekonomik ve kültürel çerçevesi/
Sorumluluk Bildirimi Ali Ayata ; Ali Ayata, Murat Ercan.
250 ## - BASIM BİLDİRİMİ
Basım Bildirimi Güncellenmiş 2. baskı
264 #1 - ÜRERİM, YAYIN, DAĞITIM ve TELİF BİLDİRİMİ
Yayın yeri Ankara :
Yayınlayan Nobel Akademik Yayıncılık
Yayın tarihi 2016
300 ## - FİZİKSEL TANIMLAMA
Sayfa, Cilt vb. XIV, 666 sayfa; 24 cm.
336 ## - İÇERİK TÜRÜ
Content type term metin
Content type code txt
Source rdacontent
337 ## - MEDYA TÜRÜ
Media type term aracısız
Media type code n
Source rdamedia
338 ## - TAŞIYICI TÜRÜ
Carrier type term cilt
Carrier type code nc
Source rdacarrier
490 1# - DİZİ BİLDİRİMİ
Dizi Bildirimi Nobel yayın nu;513.
490 1# - DİZİ BİLDİRİMİ
Dizi Bildirimi İktisadi-İdari Bilimler nu ;
Cilt Numarası 100.
500 ## - GENEL NOT
Genel Not Kaynakça var.
650 #0 - KONU BAŞLIĞI EK GİRİŞ - KONU TERİMİ
Konusal terim veya coğrafi ad Avrupa Birliği--Uluslararası ilişkiler--Türkiye.
9 (RLIN) 23592
650 #0 - KONU BAŞLIĞI EK GİRİŞ - KONU TERİMİ
Konusal terim veya coğrafi ad European Union--International relations--Turkey.
9 (RLIN) 83282
830 1# - SERİ EK GİRİŞİ - TEKBİÇİM ESER ADI
Tekbiçim Başlık Nobel yayın nu;513.
9 (RLIN) 118719
830 1# - SERİ EK GİRİŞİ - TEKBİÇİM ESER ADI
Tekbiçim Başlık İktisadi-İdari Bilimler nu ;
Volume number/sequential designation 100.
9 (RLIN) 118720
942 ## - EK GİRİŞ ÖGELERİ (KOHA)
Source of classification or shelving scheme Library of Congress Classification
Koha item type Book
Holdings
Materyal Türü Kalıcı Konum Mevcut Konum Sınıflandırma Kaynağı Edinim Bilgisi Ana Konular Alt Konular Yer Numarası Demirbaş Numarası Fatura Tarihi Geri Çekilme Durumu Kayıp Durumu Hasarlı Durumu Kredi için değil Kayıt Tarih Toplam Ödünçverme Son Görülme Tarihi Son Kontrol Tarihi Genel / Bağış Notu
Book BŞEÜ Bozüyük MYO Kütüphanesi BŞEÜ Bozüyük MYO Kütüphanesi Library of Congress Classification Bağış SOSYAL BİLİMLER Ekonomi Tarihi ve Koşulları HC241.25 .A93 2016 0064603 02/02/2026         13/03/2019   07/05/2025 07/05/2025 Genel Bağış